| Tag |
First Indicator |
Second Indicator |
Subfields |
| LEADER |
00000cam a22000001a 4500 |
| 001 |
in00002178384 |
| 006 |
m e d # |
| 007 |
cr mn mmmmabba |
| 008 |
900510s1799 njua s 000 0 eng d |
| 005 |
20260331161931.1 |
| 035 |
|
|
|z w039502
|
| 035 |
|
|
|a MAAR9005103901B
|
| 035 |
|
|
|9 mwa91-22554
|
| 035 |
|
|
|a 348071
|
| 035 |
|
|
|a aas03039502
|
| 040 |
|
|
|a MWA
|c MWA
|e bdrb
|d UtOrBLW
|
| 245 |
0 |
4 |
|a The United States almanac, for the year of our Lord 1800: ... :
|b Containing every thing that is useful or necessary in an almanac. : Also, a variety of entertaining matter in prose and verse. /
|c By Abraham Shoemaker.
|
| 264 |
|
3 |
|a Elizabeth-town [N.J.] :
|b Printed by Shepard Kollock for David Dunham, no. 26, Moore-Street, New-York, five doors from White-hall Dock,
|c [1799]
|
| 300 |
|
|
|a 36 unnumbered pages :
|b illustrations
|
| 336 |
|
|
|a text
|b txt
|2 rdacontent
|
| 337 |
|
|
|a computer
|b c
|2 rdamedia
|
| 338 |
|
|
|a online resource
|b cr
|2 rdacarrier
|
| 500 |
|
|
|a The Anatomy is the only illustration.
|
| 510 |
4 |
|
|a Evans
|c 36599
|
| 510 |
4 |
|
|a Drake, M. Almanacs,
|c 5204
|
| 530 |
|
|
|a Microform version available in the Readex Early American Imprints series.
|
| 533 |
|
|
|a Electronic text and image data.
|b [Chester, Vt. :
|c Readex, a division of Newsbank, Inc.,
|d 2002-2004.
|e Includes files in TIFF, GIF and PDF formats with inclusion of keyword searchable text.
|f (Early American imprints. First series ; no. 36599).
|
| 500 |
|
|
|a Electronic resource.
|
| 655 |
|
7 |
|a Almanacs
|z New Jersey
|y 1800.
|2 rbgenr
|
| 700 |
1 |
|
|a Shoemaker, Abraham.
|
| 752 |
|
|
|a United States
|b New Jersey
|d Elizabeth.
|
| 752 |
|
|
|a United States
|b New Jersey
|d Elizabethtown.
|
| 752 |
|
|
|a United States
|b New York
|d New York.
|
| 830 |
|
0 |
|a Early American imprints.
|n Series I,
|p Evans (1639-1800) ;
|v no. 36599.
|
| 856 |
4 |
1 |
|u http://proxy.library.tamu.edu/login?url=https://opac.newsbank.com/select/evans/36599
|y Evans Digital Edition
|t 0
|
| 999 |
|
|
|a MARS
|
| 999 |
f |
f |
|s 5e64a7cd-9d01-34ce-a544-974a0a9695c9
|i b97f9f47-7919-3881-8728-f463f8268c3b
|t 0
|
| 952 |
f |
f |
|a Texas A&M University
|b College Station
|c Electronic Resources
|s www_evans
|d Available Online
|t 0
|h No information provided
|
| 998 |
f |
f |
|t 0
|l Available Online
|